| 000 | 00569nam a22002177a 4500 | ||
|---|---|---|---|
| 001 | 00028601 | ||
| 005 | 20260319152637.0 | ||
| 008 | 260319b ag ||||| |||| 00| 0 spa d | ||
| 020 | _a8448706757 | ||
| 040 |
_aAR-CcCEOS _bspa _cAR-CcCEOS |
||
| 041 | _aspa | ||
| 080 | _a820-3(73) | ||
| 090 | _bVID | ||
| 100 | 1 |
_aVidal, Gore, _d1925-2012 _9933 |
|
| 245 |
_aCreación (2) / _cGore Vidal |
||
| 264 |
_aBarcelona : _bEdhasa, _cc1995. |
||
| 300 |
_a618 p. ; _c24x15 cm. |
||
| 490 | _3Novela histórica ; 36 | ||
| 655 | 0 |
_aNOVELA HISTORICA _916 |
|
| 942 |
_2udc _cBK _n0 |
||
| 999 |
_c28631 _d28631 |
||